000 02020nam a2200265Ia 4500
008 260220t1995||||xx |||||||||||||| ||spa||
040 _aPY-SlUNAC
_bspa
_erda
041 _aspa
082 _a639.3
_bF738r
100 _aFonticiella, Domingo W.
_eAutor
245 0 _aLa repoblación como forma de manejo de pesquerías en la acuicultura de Cuba /
_cpor Domingo W. Fonticiella [Autor]; Zenaida Arboleya [Autor] y Gonzalo Díaz Pérez [Autor]
264 _aRoma :
_bNaciones Unidas,
_c℗1995.
300 _a1 volumen
520 _aEl libro "La repoblación como forma de manejo de pesquerías en la acuicultura de Cuba", escrito por Domingo W. Fonticiella, aborda la importancia de la repoblación de especies acuáticas como estrategia clave para la sostenibilidad de las pesquerías en Cuba. A lo largo de la obra, el autor analiza los desafíos que enfrenta la acuicultura en el país, incluyendo la sobreexplotación de recursos, la degradación de hábitats y las implicaciones socioeconómicas de la pesca. Fonticiella propone un enfoque multidisciplinario que integra la biología, la ecología y la economía para desarrollar programas de repoblación efectivos. Además, se destacan casos de éxito y se presentan recomendaciones para la implementación de políticas que fomenten la recuperación y conservación de especies. El libro enfatiza la necesidad de colaboración entre instituciones gubernamentales, comunidades locales y organizaciones internacionales para lograr un manejo pesquero sostenible que beneficie tanto al medio ambiente como a la economía de Cuba, promoviendo un equilibrio entre la explotación y la conservación de los recursos acuáticos.
653 _aAcuicultura
653 _aPesca
653 _aRecursos pesqueros
700 _aArboleya, Zenaida
_eAutor
700 _aDíaz Pérez, Gonzalo
_eAutor
942 _b2026/02/17
_cBK
999 _c8729
_d8729